German 301-400 - Statistics

General Stats
  • This quiz has been taken 35 times
    2 since last reset
  • The average score is 63 of 100
Answer Stats
Hint Answer % Correct
Obwohl Although
100%
Schlecht Bad
100%
Anfangen Begin
100%
Anfang Beginning
100%
Best Best
100%
Milliarde Billion
100%
Uhr Clock
100%
Direkt Direct
100%
Tür Door
100%
Früh Early
100%
Euro Euro
100%
Abend Evening
100%
Gesicht Face
100%
Familie Family
100%
Frei Free
100%
Freund Friend
100%
Voll Full
100%
Ziel Goal/Destination
100%
Gruppe Group
100%
International International
100%
Sprache Language
100%
Wohnen Live
100%
Minute Minute
100%
Moment Moment
100%
Monat Month
100%
Morgen Morning/Tomorrow
100%
Meist Most
100%
Nacht Night
100%
Zahl Number
100%
Offen Open
100%
Eltern Parents
100%
Person Person
100%
Platz Place/Square
100%
Ort Place/Town/Location
100%
Erreichen Reach/Achieve
100%
Lesen Read
100%
Rot Red
100%
Raum Room/Space
100%
Rund Round/Approximately
100%
Sinn Sense/Meaning
100%
Sozial Social
100%
Besonder Special
100%
Staat State
100%
Straße Street
100%
System System
100%
Aufgabe Task/Job/Assignment
100%
Zehn Ten
100%
Thema Theme/Topic/Subject
100%
Ding Thing
100%
Universität University
100%
Warten Wait
100%
Deutlich Clear
50%
Betreffen Concern
50%
Handeln Deal/trade
50%
Entwickeln Develop
50%
Entwicklung Development
50%
Anders Different
50%
Unterschiedlich Different
50%
Erwarten Expect
50%
Schließlich Finally
50%
Ab From
50%
Allgemein General
50%
Interesse Interest
50%
Blick Look/Glance
50%
Verlieren Lose
50%
Mark Mark
50%
Nahe Near/Close
50%
Einzig Only/Single
50%
Öffentlich Public
50%
Irgendwie Somehow
50%
Jemand Someone
50%
Manchmal Sometimes
50%
Reden Talk
50%
Daher Therefore
50%
Wert Worth/Value
50%
Aussehen Appear
0%
Erscheinen Appear
0%
Dadurch As a result
0%
Zunächst At First/For Now
0%
Tragen Carry/Wear
0%
Gewiss Certain
0%
Gemeinsam Common/Mutual
0%
Schaffen Create/Manage
0%
Darstellen Depict
0%
Früher Earlier
0%
Eher Earlier/Rather
0%
Vergehen Elapse
0%
Je Ever/Each
0%
Bilden Form/Educate
0%
Darin Inside
0%
Nämlich Namely
0%
Gegenüber Opposite
0%
Erkennen Recognize
0%
Folge Result/Consequence
0%
Rolle Role
0%
Mehrere Several
0%
Jen That/Those
0%
Bisher Until Now
0%
Naja Well
0%
Dessen Whose
0%
No matching quizzes found
Score Distribution
Percent of People with Each Score
Percentile by Number Answered
Your Score History
You have not taken this quiz since the last reset